[Event "ch-FRA Blitz Online Qual"]
[Site "Europe-Chess INT"]
[Date "2020.05.16"]
[Round "14"]
[White "Ros, David"]
[Black "Lavanant, Alexandre"]
[Result "0-1"]
[WhiteElo "1767"]
[BlackElo "1937"]
[WhiteFideId "36079103"]
[BlackFideId "654949"]
[EventDate "2020.05.16"]

1. e4 e6 2. d4 d5 3. e5 c5 4. c3 Nc6 5. Nf3 Bd7 6. Bd3 Rc8 7. O-O cxd4 8. cxd4
Nb4 9. Nc3 Nxd3 10. Qxd3 a6 11. Be3 Ne7 12. Rac1 Nc6 13. a3 Be7 14. Rc2 O-O 15.
Rfc1 f6 16. h3 fxe5 17. dxe5 Be8 18. Nd4 Nxd4 19. Bxd4 Bg6 20. Qg3 Bxc2 21. Rxc2
Qe8 22. Re2 Bc5 23. Qd3 Qh5 24. f3 Qg5 25. Rd2 Bxd4+ 26. Qxd4 Rxf3 27. Nxd5 Rff8
28. Ne3 Rcd8 29. Qc3 Rxd2 30. Qxd2 Qf4 31. Nc4 Qxc4 0-1

[Event "ch-FRA Blitz Online Qual"]
[Site "Europe-Chess INT"]
[Date "2020.05.16"]
[Round "14"]
[White "Siffert, Arman"]
[Black "Cleran, Anthony"]
[Result "1-0"]
[WhiteElo "1887"]
[BlackElo "1933"]
[WhiteFideId "45125350"]
[BlackFideId "626066"]
[EventDate "2020.05.16"]

1. d4 d5 2. Bf4 Nf6 3. e3 e6 4. Nd2 Be7 5. Ngf3 O-O 6. Ne5 Nbd7 7. Bd3 Nxe5 8.
dxe5 Nd7 9. h4 f5 10. exf6 Rxf6 11. Qh5 g6 12. Qg4 e5 13. Bg5 Rf7 14. Qe6 Bxg5
15. hxg5 c6 16. Rxh7 Qe7 17. Qxe7 Rxe7 18. Rxe7 Nf8 19. O-O-O e4 20. Be2 Ne6 21.
f4 Rb8 22. Bg4 Nxf4 23. Bxc8 Ne2+ 24. Kb1 Rxc8 25. Rh1 Ng3 26. Rhh7 Nf5 27. Rxb7
Nxe3 28. Rhg7+ Kh8 29. Rxg6 Nxg2 30. Re6 Nf4 31. Ree7 a5 32. a4 c5 33. Rbd7 Ne2
34. Rxd5 Rg8 35. Rxc5 Nf4 36. Nxe4 1-0

[Event "ch-FRA Blitz Online Qual"]
[Site "Europe-Chess INT"]
[Date "2020.05.16"]
[Round "14"]
[White "Deschamps, Quentin"]
[Black "Gordon, Louis"]
[Result "1-0"]
[WhiteElo "1908"]
[BlackElo "1758"]
[WhiteFideId "26010119"]
[BlackFideId "45186162"]
[EventDate "2020.05.16"]

1. e4 e6 2. d4 d5 3. Nc3 Nf6 4. Bg5 Be7 5. e5 Nfd7 6. Bxe7 Qxe7 7. Qg4 g6 8. f4
a6 9. Nf3 c5 10. Bd3 Nc6 11. dxc5 Qxc5 12. O-O-O b5 13. Ng5 Nb6 14. h4 h6 15.
Nxf7 Kxf7 16. Qxg6+ Kf8 17. Qf6+ Kg8 18. Rh3 Qf2 19. Ne2 Ra7 20. Rg3+ Qxg3 21.
Nxg3 Rf7 22. Qg6+ Rg7 23. Qe8# 1-0

[Event "ch-FRA Blitz Online Qual"]
[Site "Europe-Chess INT"]
[Date "2020.05.16"]
[Round "14"]
[White "Flores, Victor"]
[Black "Robert, Yoann"]
[Result "1/2-1/2"]
[WhiteElo "1741"]
[BlackElo "2071"]
[WhiteFideId "45133492"]
[BlackFideId "36018805"]
[EventDate "2020.05.16"]

1. e4 c5 2. Nc3 Nc6 3. g3 g6 4. Bg2 Bg7 5. d3 e5 6. Nge2 Nge7 7. O-O O-O 8. f4
d6 9. Be3 Nd4 10. Qd2 a6 11. Nd1 b5 12. Nc1 Bb7 13. c3 Ndc6 14. f5 f6 15. fxg6
Nxg6 16. Bh3 Bc8 17. Bf5 Nce7 18. Qg2 Rb8 19. g4 Bb7 20. Ne2 c4 21. d4 Nh4 22.
Qg3 Nhxf5 23. exf5 Kh8 24. Nf2 Nd5 25. Rae1 Nxe3 26. Qxe3 Qc7 27. Ne4 Qc6 28.
N2g3 Rg8 29. h3 Rbe8 30. Kh2 exd4 31. Qxd4 Re5 32. Rf2 Rge8 33. Rfe2 d5 34. Nc5
Rxe2+ 35. Rxe2 Rxe2+ 36. Nxe2 Qd6+ 37. Nf4 Ba8 38. Kg2 Qe5 39. Nce6 Qe4+ 40. Kf2
Qc2+ 41. Kg3 Qxb2 42. Nh5 Qe2 43. Nhxg7 Qe1+ 44. Qf2 Qxc3+ 45. Qf3 Qxf3+ 46.
Kxf3 d4+ 47. Ke2 c3 48. Nh5 c2 49. Kd2 d3 50. Nhf4 b4 51. Nxd3 a5 52. Kxc2 Bd5
53. Nc1 Bg2 54. h4 Bh3 55. Nb3 a4 56. Nbc5 b3+ 57. axb3 axb3+ 58. Kxb3 Bxg4 59.
Nd4 Kg7 60. Kc4 Kh6 61. Nce6 Kh5 62. Nf8 Kxh4 63. Nxh7 Bxf5 64. Nxf5+ Kg4 65.
Nxf6+ Kxf5 1/2-1/2

[Event "ch-FRA Blitz Online Qual"]
[Site "Europe-Chess INT"]
[Date "2020.05.16"]
[Round "14"]
[White "Eveno, Nathan"]
[Black "Herbin, Alexandre"]
[Result "0-1"]
[WhiteElo "2069"]
[BlackElo "1869"]
[WhiteFideId "45132178"]
[BlackFideId "36047783"]
[EventDate "2020.05.16"]

1. e4 c5 2. Nf3 Nc6 3. c3 Nf6 4. e5 Nd5 5. d4 cxd4 6. cxd4 d6 7. Bc4 Nb6 8. Bb3
d5 9. h3 e6 10. O-O Be7 11. a3 Bd7 12. Nc3 O-O 13. Qd3 f6 14. exf6 Bxf6 15. Bc2
g6 16. Bh6 Bg7 17. Bxg7 Kxg7 18. Rae1 Qf6 19. Ne5 Nxe5 20. dxe5 Qf5 21. Qd1 Qf7
22. Bd3 Rac8 23. Bb5 a6 24. Bxd7 Nxd7 25. Qb3 b5 26. a4 Nc5 27. Qa3 Nd3 28. Re3
b4 29. Qb3 bxc3 30. Rxd3 c2 31. Rc3 c1=Q 32. Rcxc1 Rxc1 33. Rxc1 Qxf2+ 34. Kh1
Qf4 35. Qc3 Qxa4 36. Qc7+ Rf7 37. Qc8 Qf4 38. Re1 Qg3 39. Rg1 Qxe5 40. Qxa6 Qxb2
41. Qxe6 Qd4 42. Qd6 Qe4 43. Rd1 Rf2 44. Qd7+ Kh6 45. Qxd5 Rf1+ 46. Rxf1 Qxd5
47. Rf3 Qd1+ 48. Kh2 Kg7 49. Rg3 h5 50. Rf3 g5 51. Rf2 g4 52. hxg4 hxg4 53. Kg3
Qe1 0-1

[Event "ch-FRA Blitz Online Qual"]
[Site "Europe-Chess INT"]
[Date "2020.05.16"]
[Round "14"]
[White "Senegas, Pascal"]
[Black "Neau, Julien"]
[Result "0-1"]
[WhiteElo "1654"]
[BlackElo "1916"]
[WhiteFideId "45102074"]
[BlackFideId "631388"]
[EventDate "2020.05.16"]

1. Nf3 Nf6 2. c4 g6 3. Nc3 Bg7 4. d4 O-O 5. e3 d6 6. Bd3 Nbd7 7. O-O c6 8. b3 e5
9. dxe5 dxe5 10. Bb2 Nc5 11. Bc2 Qe7 12. Qe2 a5 13. Rfd1 e4 14. Nd2 Bg4 15. f3
exf3 16. gxf3 Bh3 17. Nce4 Nfxe4 18. Bxg7 Qg5+ 19. Kh1 Kxg7 20. Nxe4 Nxe4 21.
Bxe4 Rad8 22. Rg1 Qf6 23. Rad1 Qc3 24. Rc1 Qd2 25. Qxd2 Rxd2 26. Rc2 Rfd8 27.
Rxd2 Rxd2 28. Ra1 Re2 29. Kg1 Rg2+ 30. Kh1 Re2 31. Kg1 Rxe3 32. Kf2 Rc3 33. Kg3
Be6 34. Rd1 f5 35. Bb1 Kf6 36. h4 a4 37. Kf4 axb3 38. axb3 Rxb3 39. Bc2 Rb4 40.
Bd3 Bxc4 41. Bxc4 Rxc4+ 42. Kg3 Ke6 43. Rb1 b5 44. Kh3 c5 45. Kg3 b4 46. Kf2 Kd5
47. Kg3 Rc3 48. Kf4 b3 49. Kg5 Rxf3 50. Kh6 Rh3 51. Kxh7 g5 52. Kg6 gxh4 53.
Kxf5 c4 54. Kg4 Rh2 55. Rd1+ Kc5 56. Rb1 Kb4 57. Re1 b2 58. Rf1 Kb3 59. Re1 c3
60. Rf1 Rc2 61. Kxh4 Rc1 62. Rf3 b1=Q 63. Kg3 Qg6+ 64. Kf2 Rc2+ 65. Ke3 Qe6+ 66.
Kf4 Qf6+ 67. Ke3 Qe5+ 68. Kd3 Rd2# 0-1

[Event "ch-FRA Blitz Online Qual"]
[Site "Europe-Chess INT"]
[Date "2020.05.16"]
[Round "14"]
[White "Macqueron, Gregory"]
[Black "Randrianarimanana, Alicia"]
[Result "0-1"]
[WhiteElo "1927"]
[BlackElo "1971"]
[WhiteFideId "551004240"]
[BlackFideId "36034738"]
[EventDate "2020.05.16"]

1. e4 c5 2. Nc3 Nc6 3. f4 g6 4. Nf3 Bg7 5. a3 e6 6. b4 cxb4 7. axb4 Nxb4 8. Ba3
Nc6 9. Nb5 d5 10. Nd6+ Kd7 11. Nxf7 Qf6 12. N3e5+ Nxe5 13. Nxe5+ Ke8 14. Bb5+
Kd8 15. O-O a6 16. Bb2 Qe7 17. exd5 Qc5+ 18. Kh1 Qxb5 19. Nf7+ Ke7 20. Bxg7 Kxf7
21. Bxh8 Qxd5 22. Qb1 Qh5 23. Qb2 Qh6 24. Rf3 b5 25. Rh3 Qf8 26. Rxh7+ Ke8 27.
Qc3 Bd7 28. Qc7 Rd8 29. Rxa6 Nf6 30. Bxf6 Qxf6 31. Rh3 Qd4 0-1

[Event "ch-FRA Blitz Online Qual"]
[Site "Europe-Chess INT"]
[Date "2020.05.16"]
[Round "14"]
[White "Trevisiol, Antoine"]
[Black "Tomasi, Elise"]
[Result "0-1"]
[WhiteElo "1788"]
[BlackElo "2030"]
[WhiteFideId "45136530"]
[BlackFideId "26088843"]
[EventDate "2020.05.16"]

1. d4 d5 2. c4 e6 3. Nc3 Nf6 4. cxd5 exd5 5. Bf4 c6 6. Qc2 g6 7. Nf3 Bf5 8. Qb3
Qc8 9. Rc1 Qd7 10. Ne5 Qe7 11. e3 Bg7 12. Bd3 Bxd3 13. Nxd3 O-O 14. O-O Na6 15.
Na4 Ne4 16. Nac5 Naxc5 17. Nxc5 Nd2 18. Qxb7 Qxb7 19. Nxb7 Nxf1 20. Kxf1 Rac8
21. b4 f6 22. a3 g5 23. Bd6 Rf7 24. Na5 Rd7 25. Bg3 f5 26. Nxc6 Kf8 27. Rc5 f4
28. exf4 Rdc7 29. Ne5 Bxe5 30. fxe5 Rxc5 31. bxc5 Ke7 32. h4 g4 33. Bf4 Rb8 34.
Ke2 Rb2+ 35. Ke1 Rb1+ 36. Kd2 Ra1 37. c6 Ra2+ 38. Ke1 Rc2 39. c7 Rxc7 40. Kd2
Rc4 41. Kd3 Ra4 42. Bc1 Ra6 43. g3 Rb6 44. Kc3 Rc6+ 45. Kd3 Rxc1 0-1

[Event "ch-FRA Blitz Online Qual"]
[Site "Europe-Chess INT"]
[Date "2020.05.16"]
[Round "14"]
[White "Duprey, Francois-xavier"]
[Black "Lesueur, Gabriel"]
[Result "0-1"]
[WhiteElo "1613"]
[BlackElo "1906"]
[WhiteFideId "20612516"]
[BlackFideId "45186359"]
[EventDate "2020.05.16"]

1. c4 Nf6 2. g3 g6 3. Bg2 Bg7 4. Nf3 O-O 5. O-O d6 6. Nc3 e5 7. d3 Nc6 8. Rb1 a5
9. a3 Re8 10. Bd2 h6 11. b4 axb4 12. axb4 Bf5 13. b5 Ne7 14. Qc1 g5 15. e4 Bd7
16. Ne1 Nh5 17. Qd1 g4 18. Nc2 f5 19. exf5 Nxf5 20. Ne3 Nf6 21. Bxb7 Nd4 22. f4
exf4 23. Rxf4 Nh5 24. Bd5+ Kh8 25. Rxg4 Bxg4 26. Qxg4 Qg5 27. Qxg5 hxg5 28. Ne4
Ra3 29. Nxg5 Rxd3 30. Nf7+ Kh7 31. Ng5+ Kg6 32. Be4+ Kxg5 33. Bxd3 Nf3+ 34. Kg2
Nxd2 35. Rd1 Rxe3 36. Rxd2 Bd4 37. h4+ Kg4 38. Be2+ Rxe2+ 39. Rxe2 Nxg3 40. Re7
Bb6 41. Rh7 Nf5 42. h5 Kg5 43. Rh8 Ne3+ 44. Kf3 Nxc4 45. h6 Ne5+ 46. Ke4 Ng6 47.
Rg8 Kxh6 48. Re8 Kg7 49. Kd5 Kf7 50. Re2 Ne7+ 51. Kc4 Ke8 52. Re6 Kd7 53. Re2 c6
54. bxc6+ Nxc6 55. Rh2 Ne5+ 56. Kd5 Nc6 57. Rh7+ Ne7+ 58. Kc4 d5+ 59. Kb5 Bc7
60. Kb4 Ke6 61. Kc3 Be5+ 62. Kd3 Nf5 63. Rh8 Bxh8 64. Kd2 Ke5 65. Kd3 d4 66. Kd2
Ke4 67. Kd1 Ke3 68. Ke1 Ng3 69. Kd1 Ne2 70. Ke1 d3 71. Kd1 Bd4 72. Ke1 Bc3+ 73.
Kd1 Bb2 74. Ke1 d2+ 75. Kd1 Nc3+ 76. Kc2 d1=Q+ 77. Kxb2 Qd2+ 78. Kb3 Qd5+ 79.
Kxc3 Qc5+ 80. Kb2 Kd2 81. Kb1 Qb4+ 82. Ka2 Kc3 83. Ka1 Qb2# 0-1

[Event "ch-FRA Blitz Online Qual"]
[Site "Europe-Chess INT"]
[Date "2020.05.16"]
[Round "14"]
[White "Vie, Maxence"]
[Black "Goulesque, Camille"]
[Result "0-1"]
[WhiteElo "1648"]
[BlackElo "1899"]
[WhiteFideId "45150168"]
[BlackFideId "26086140"]
[EventDate "2020.05.16"]

1. e4 g6 2. Bc4 Bg7 3. f4 e6 4. Bb3 Ne7 5. c4 c5 6. Nf3 Nbc6 7. O-O O-O 8. Nc3
b6 9. Nb5 d6 10. d4 a6 11. d5 axb5 12. dxc6 Nxc6 13. cxb5 Nd4 14. Nxd4 Bxd4+ 15.
Kh1 Bb7 16. Qc2 d5 17. e5 c4 18. Ba4 Bc5 19. b3 d4 20. bxc4 d3 21. Qd1 d2 22.
Bb2 Qd3 23. Bc2 Qxc4 24. Bb3 Qe4 25. Rf3 Qe1+ 26. Qxe1 dxe1=Q+ 27. Rxe1 Bxf3 28.
gxf3 Rfd8 29. Bc1 Rd3 30. Kg2 Rad8 31. Re2 R3d4 32. h4 h5 33. Kg3 Rb4 34. Bc2
Rxb5 35. f5 exf5 36. Kf4 Rb4+ 37. Kg5 Kg7 38. e6 Be7# 0-1

[Event "ch-FRA Blitz Online Qual"]
[Site "Europe-Chess INT"]
[Date "2020.05.16"]
[Round "14"]
[White "Breuil, Tristan"]
[Black "Duvert, Francois"]
[Result "1/2-1/2"]
[WhiteElo "1898"]
[BlackElo "1729"]
[WhiteFideId "45163685"]
[BlackFideId "36072877"]
[EventDate "2020.05.16"]

1. e4 d5 2. exd5 Nf6 3. d4 Bg4 4. Bb5+ c6 5. dxc6 Nxc6 6. Be2 Qxd4 7. Bxg4 Qxg4
8. Qxg4 Nxg4 9. h3 Nge5 10. Bf4 e6 11. a3 O-O-O 12. Bxe5 Nxe5 13. Nc3 g6 14.
Nge2 Nc4 15. Rb1 Bh6 16. a4 Bd2+ 17. Kf1 Bxc3 18. Nxc3 Nd2+ 19. Ke2 Nxb1 20.
Rxb1 Rd7 21. Rd1 Rhd8 22. Rxd7 Rxd7 23. b3 Kc7 24. Ne4 f5 25. Ng5 e5 26. Nf3 e4
27. Ne5 Rd5 28. Nc4 Kc6 29. g3 b5 30. axb5+ Kxb5 31. Nd2 Kb4 32. Nb1 a5 33. Ke1
h6 34. Ke2 g5 35. Ke1 f4 36. Ke2 h5 37. gxf4 gxf4 38. Ke1 f3 39. h4 Rd8 40. Nd2
Re8 41. Nc4 a4 42. Nd6 Rd8 43. Nxe4 Re8 44. bxa4 Rxe4+ 45. Kd2 Kxa4 46. Kd3 Rxh4
47. Ke3 Rh3 48. Kf4 Kb4 49. Ke3 Kc3 50. Kf4 Kxc2 51. Kg5 Kd2 52. Kf4 Ke2 53. Kf5
Kxf2 54. Kf6 Ke3 55. Kg7 f2 56. Kf7 f1=Q+ 57. Kg8 Rg3+ 58. Kh7 Qf7+ 59. Kh8 Qe7 1/2-1/2

[Event "ch-FRA Blitz Online Qual"]
[Site "Europe-Chess INT"]
[Date "2020.05.16"]
[Round "14"]
[White "Delin, Valere"]
[Black "Villevieille, Lucas"]
[Result "1-0"]
[WhiteElo "2043"]
[BlackElo "1713"]
[WhiteFideId "45107254"]
[BlackFideId "36022349"]
[EventDate "2020.05.16"]

1. e4 c5 2. Nf3 d6 3. d4 cxd4 4. Nxd4 Nf6 5. Nc3 a6 6. Bg5 e6 7. f4 Qb6 8. Qd2
Qxb2 9. Rb1 Qa3 10. Be2 Be7 11. O-O O-O 12. Kh1 Nc6 13. Nxc6 bxc6 14. e5 Nd5 15.
Nxd5 Bxg5 16. Nb6 dxe5 17. fxg5 Rb8 18. Nc4 Rxb1 19. Nxa3 Rb2 20. Nc4 Rxa2 21.
Nxe5 c5 22. Bd3 Ra3 23. Qe2 g6 24. h4 Bb7 25. h5 Ra4 26. Qf2 Rd4 27. h6 Rd5 28.
Qf6 1-0

[Event "ch-FRA Blitz Online Qual"]
[Site "Europe-Chess INT"]
[Date "2020.05.16"]
[Round "14"]
[White "Bosc, Gabriel"]
[Black "Perolini, Cedric"]
[Result "1-0"]
[WhiteElo "1994"]
[BlackElo "1706"]
[WhiteFideId "26086743"]
[BlackFideId "20692773"]
[EventDate "2020.05.16"]

1. f4 e5 2. fxe5 Nc6 3. Nf3 d5 4. exd6 Bxd6 5. e4 Bg4 6. c3 Qf6 7. d4 O-O-O 8.
e5 Bxe5 9. Be2 Bxf3 10. Bxf3 Qh4+ 11. g3 Bxg3+ 12. hxg3 Qxh1+ 13. Bxh1 Nf6 14.
Bg5 Rhe8+ 15. Kf1 Rd6 16. Nd2 Nd5 17. Nc4 Rg6 18. Qg4+ Ree6 19. Bxd5 h6 20.
Bxe6+ fxe6 21. Re1 Rxg5 22. Qxe6+ Kb8 23. Qe8+ 1-0

[Event "ch-FRA Blitz Online Qual"]
[Site "Europe-Chess INT"]
[Date "2020.05.16"]
[Round "14"]
[White "Percheron, Andre"]
[Black "Villeneuve, Robin"]
[Result "0-1"]
[WhiteElo "1846"]
[BlackElo "1662"]
[WhiteFideId "20607091"]
[BlackFideId "45100608"]
[EventDate "2020.05.16"]

1. Nf3 Nf6 2. c4 c5 3. g3 g6 4. Bg2 Bg7 5. O-O O-O 6. Nc3 Nc6 7. e3 e5 8. d4
exd4 9. exd4 d5 10. cxd5 Nxd5 11. Nxd5 Qxd5 12. dxc5 Qxc5 13. Be3 Qa5 14. Qc1
Bf5 15. a3 Rac8 16. Bc5 Rfe8 17. Nh4 Be6 18. Qc2 Nd4 19. b4 Nxc2 20. bxa5 Nxa1
21. Bxa7 Nb3 22. Bxb7 Rc7 23. a6 Bc4 24. Bb6 Rxb7 25. axb7 Bxf1 26. Kxf1 Rb8 0-1

[Event "ch-FRA Blitz Online Qual"]
[Site "Europe-Chess INT"]
[Date "2020.05.16"]
[Round "14"]
[White "Sithisak, William"]
[Black "Pigeat, Benoit"]
[Result "0-1"]
[WhiteElo "1692"]
[BlackElo "1873"]
[WhiteFideId "45120749"]
[BlackFideId "20643390"]
[EventDate "2020.05.16"]

1. d4 Nf6 2. f4 g6 3. Nf3 d5 4. e3 Bg7 5. c3 Bf5 6. Bd3 Bxd3 7. Qxd3 c6 8. Nbd2
Nbd7 9. Ne5 O-O 10. Ndf3 Ne4 11. Qe2 f6 12. Nd3 Qc7 13. O-O e5 14. fxe5 fxe5 15.
Nd2 exd4 16. exd4 Rae8 17. Nxe4 Rxe4 18. Qc2 Rxf1+ 19. Kxf1 Qxh2 20. Nf2 Re8 21.
Bd2 Nf6 22. Re1 Rxe1+ 23. Kxe1 Qxg2 24. Qb3 Ne4 25. Nxe4 Qxe4+ 26. Kd1 b5 27.
Qa3 Qf3+ 28. Kc2 Qf7 29. Qc5 Qd7 30. b3 h6 31. Be3 g5 32. c4 bxc4 33. bxc4 Kh7
34. cxd5 cxd5 35. Qxa7 Qxa7 0-1

[Event "ch-FRA Blitz Online Qual"]
[Site "Europe-Chess INT"]
[Date "2020.05.16"]
[Round "14"]
[White "Naillou, Thomas"]
[Black "Maugin, Narada"]
[Result "1-0"]
[WhiteElo "2072"]
[BlackElo "1947"]
[WhiteFideId "36009741"]
[BlackFideId "45165025"]
[EventDate "2020.05.16"]

1. e4 c6 2. d4 d5 3. f3 dxe4 4. fxe4 e5 5. Nf3 exd4 6. Bc4 Nf6 7. O-O Be7 8.
Nxd4 O-O 9. Nc3 Bc5 10. Be3 Qe7 11. Qe2 Nbd7 12. Nf5 Bxe3+ 13. Qxe3 Qe5 14. h3
Nc5 15. Rae1 Re8 16. Kh1 Ncxe4 17. Nxe4 Qxe4 18. Qg5 Bxf5 19. Rxe4 Nxe4 20.
Bxf7+ Kh8 21. Qh4 Re5 22. g4 Bd7 23. Bg6 h6 24. Bxe4 Rxe4 25. Qf2 Rae8 26. Qf7
Bc8 27. Kg2 c5 28. g5 R4e7 29. Qg6 b6 30. gxh6 Bb7+ 31. Kg1 gxh6 32. Qxh6+ Rh7
33. Qf6+ Rg7+ 34. Kf2 Kg8 35. Rg1 Rxg1 36. Kxg1 Be4 37. c3 Bg6 38. Qxg6+ Kf8 39.
h4 Re7 40. Kf2 Rf7+ 41. Ke3 Re7+ 42. Kf4 Rf7+ 43. Ke5 Re7+ 44. Kd6 Re1 45. h5 a5
46. h6 Re6+ 47. Kxe6 c4 48. Qf7# 1-0

[Event "ch-FRA Blitz Online Qual"]
[Site "Europe-Chess INT"]
[Date "2020.05.16"]
[Round "14"]
[White "Lebrun, Elias"]
[Black "Reuillon, Hadrien"]
[Result "1/2-1/2"]
[WhiteElo "1880"]
[BlackElo "1817"]
[WhiteFideId "26073110"]
[BlackFideId "45133972"]
[EventDate "2020.05.16"]

1. d4 Nf6 2. c4 g6 3. Nc3 d5 4. cxd5 Nxd5 5. e4 Nxc3 6. bxc3 c5 7. Nf3 Bg7 8.
Be3 O-O 9. Be2 Nc6 10. O-O Bg4 11. d5 Bxf3 12. Bxf3 Ne5 13. Be2 a6 14. Bxc5 Rc8
15. Bd4 Qe8 16. f4 Nd7 17. Bxg7 Kxg7 18. Qd4+ Kg8 19. e5 e6 20. d6 Qd8 21. Rab1
b5 22. Rfc1 Qa5 23. Rb2 f6 24. c4 fxe5 25. fxe5 Rf5 26. Bg4 Rxe5 27. Re2 Rxe2
28. Bxe2 bxc4 29. Bxc4 Re8 30. Rf1 Qc5 31. Qxc5 Nxc5 32. Kf2 Rd8 33. Rd1 Ne4+
34. Ke3 Nxd6 35. Bxe6+ Kf8 36. Bb3 Nf5+ 37. Kf4 Rxd1 38. Bxd1 Ke7 39. g4 Nd4 40.
Ke4 Ne6 41. h4 Kd6 42. Be2 a5 43. a3 g5 44. h5 h6 45. Kf5 Nd4+ 46. Kg6 Nxe2 47.
Kxh6 Ke6 48. Kxg5 Kf7 49. h6 Ng3 50. Kf4 Ne2+ 51. Ke3 Nc1 52. Ke4 Nb3 53. Kf5
Nd2 54. g5 Nc4 55. g6+ Kg8 56. Kf6 Nd6 57. g7 Kh7 58. Ke7 Nf5+ 59. Kf8 Nxh6 60.
a4 Kg6 61. g8=Q+ Nxg8 62. Kxg8 Kf6 63. Kh7 Ke5 64. Kg6 Kd4 65. Kf5 Kc4 66. Ke4
Kb4 67. Kd4 Kxa4 68. Kc4 Ka3 69. Kc3 Ka2 70. Kc2 a4 71. Kc1 Ka1 72. Kc2 a3 73.
Kc1 Ka2 74. Kc2 Ka1 75. Kc1 Ka2 76. Kc2 Ka1 1/2-1/2

[Event "ch-FRA Blitz Online Qual"]
[Site "Europe-Chess INT"]
[Date "2020.05.16"]
[Round "14"]
[White "Bag, Ayoub"]
[Black "Leccia, Antoine"]
[Result "0-1"]
[WhiteElo "1467"]
[BlackElo "1950"]
[WhiteFideId "551012308"]
[BlackFideId "36087262"]
[EventDate "2020.05.16"]

1. e4 e5 2. Nf3 Nc6 3. Bc4 Nf6 4. d4 exd4 5. O-O Nxe4 6. Re1 d5 7. Bxd5 Qxd5 8.
Nc3 Qd7 9. Nxe4 Be7 10. Bg5 O-O 11. Bxe7 Qxe7 12. Nxd4 Bd7 13. c3 Qd8 14. Nc5
Nxd4 15. Qxd4 Bc6 16. Rad1 Qxd4 17. Rxd4 Rfe8 18. Red1 Re2 19. R4d2 Re7 20. f3
f6 21. Nd7 Kf7 22. Kf2 b6 23. Rd3 Ke8 24. b3 Rxd7 25. Re1+ Re7 26. Red1 Kf7 27.
R1d2 Rae8 28. Kg3 Re2 29. c4 R8e7 30. a3 Rxd2 31. Rxd2 Rd7 32. Rb2 Rd3 33. a4
Ke6 34. b4 Bxa4 35. c5 b5 36. Re2+ Kf7 37. Rb2 Rd4 38. Kf2 Rc4 39. Ke3 Rc3+ 40.
Kd4 Rb3 41. Re2 Rxb4+ 42. Kd5 Rb1 43. Kc6 Rc1 44. Rb2 b4+ 45. Kxc7 Rxc5+ 46. Kb7
a5 47. Kb6 Rd5 48. g3 Bd1 49. f4 Bf3 50. Rb1 Be4 51. Re1 f5 52. g4 g6 53. h4 a4
54. h5 b3 55. hxg6+ hxg6 56. gxf5 gxf5 57. Kc7 b2 58. Rh1 b1=Q 59. Rh7+ Kg6 60.
Rh6+ Kxh6 61. Kc8 Rc5+ 62. Kd7 Qd3+ 63. Ke7 Rc7+ 64. Kf6 Qd6# 0-1

[Event "ch-FRA Blitz Online Qual"]
[Site "Europe-Chess INT"]
[Date "2020.05.16"]
[Round "14"]
[White "Oumer, Walid"]
[Black "Azymah, Remy"]
[Result "0-1"]
[WhiteElo "1365"]
[BlackElo "1934"]
[WhiteFideId "551016630"]
[BlackFideId "26014300"]
[EventDate "2020.05.16"]

1. e4 c5 2. Nf3 d6 3. d4 cxd4 4. Nxd4 Nf6 5. Nc3 a6 6. Be3 Ng4 7. Bg5 h6 8. Bh4
g5 9. Bg3 Bg7 10. Qd2 Nc6 11. Nxc6 bxc6 12. Be2 Rb8 13. O-O Rxb2 14. Na4 Rb8 15.
Rab1 Be6 16. Rxb8 Qxb8 17. Nc5 Qc8 18. Bxa6 Qd8 19. Nxe6 fxe6 20. h3 Ne5 21.
Bxe5 Bxe5 22. g3 O-O 23. f4 gxf4 24. gxf4 Bg7 25. f5 exf5 26. Rxf5 Rxf5 27. exf5
d5 28. c4 Qd6 29. cxd5 cxd5 30. Qa5 Qg3+ 31. Kh1 Qxh3+ 32. Kg1 Bd4# 0-1

[Event "ch-FRA Blitz Online Qual"]
[Site "Europe-Chess INT"]
[Date "2020.05.16"]
[Round "14"]
[White "Dore, Armand"]
[Black "Morais, Thomas"]
[Result "1-0"]
[WhiteElo "1855"]
[BlackElo "1710"]
[WhiteFideId "680508"]
[BlackFideId "36034703"]
[EventDate "2020.05.16"]

1. Nf3 Nf6 2. c4 g6 3. g3 Bg7 4. Bg2 O-O 5. O-O c5 6. d4 cxd4 7. Nxd4 Nc6 8. Nc3
Nxd4 9. Qxd4 d6 10. b3 Qc7 11. Bb2 Bd7 12. Nd5 Nxd5 13. Qxg7# 1-0

[Event "ch-FRA Blitz Online Qual"]
[Site "Europe-Chess INT"]
[Date "2020.05.16"]
[Round "14"]
[White "Mendoza, Mael"]
[Black "Bellahcene, Meriem"]
[Result "1-0"]
[WhiteElo "1451"]
[BlackElo "1936"]
[WhiteFideId "551036533"]
[BlackFideId "20655347"]
[EventDate "2020.05.16"]

1. e4 d6 2. d4 Nf6 3. Nc3 Nbd7 4. Nf3 e5 5. dxe5 dxe5 6. Bc4 Bb4 7. Bg5 O-O 8.
O-O h6 9. Bxf6 Qxf6 10. Nd5 Qd6 11. a3 Ba5 12. b4 Bb6 13. Bb3 Qg6 14. Ne7+ 1-0

[Event "ch-FRA Blitz Online Qual"]
[Site "Europe-Chess INT"]
[Date "2020.05.16"]
[Round "14"]
[White "Condat, Hugo"]
[Black "Paralieu, Maxime"]
[Result "0-1"]
[WhiteElo "1961"]
[BlackElo "1569"]
[WhiteFideId "26027402"]
[BlackFideId "45154171"]
[EventDate "2020.05.16"]

1. e4 e5 2. Bc4 Nc6 3. Nf3 Nf6 4. d4 exd4 5. e5 Ng4 6. O-O d5 7. Bb5 Bd7 8. Bxc6
Bxc6 9. Nxd4 Qd7 10. e6 fxe6 11. Qxg4 e5 12. Qh5+ Qf7 13. Qxe5+ Qe7 14. Nxc6
bxc6 15. Re1 Qxe5 16. Rxe5+ Kd7 17. b3 Be7 18. Ba3 Bf6 19. Bb2 Bxe5 20. Bxe5
Rae8 21. f4 g5 22. g3 Rhg8 23. Nd2 gxf4 24. Bxf4 Re2 25. Rf1 Rf8 26. Rf2 Re1+
27. Kg2 Ra1 28. a4 Ra2 29. Nf3 c5 30. Ne5+ Kc8 31. Nc6 Kb7 32. Ne7 d4 33. Kh3 d3
34. Rf1 dxc2 35. Rc1 Rf7 36. Nd5 c6 37. Ne3 Rd7 38. Rxc2 Rxc2 39. Nxc2 Rd3 40.
b4 Rb3 41. bxc5 Rc3 42. Nd4 Rxc5 43. a5 Rxa5 44. Kg4 Ra4 45. Ne6 Rc4 46. Nf8 a5
47. Nxh7 a4 48. Nf6 a3 49. Kg5 a2 50. Ne4 Rxe4 51. Kf5 Re1 52. Be5 Rxe5+ 53.
Kxe5 a1=Q+ 0-1

[Event "ch-FRA Blitz Online Qual"]
[Site "Europe-Chess INT"]
[Date "2020.05.16"]
[Round "14"]
[White "Mareau, Timothe"]
[Black "Joly, Fabrice"]
[Result "1-0"]
[WhiteElo "1642"]
[BlackElo "1957"]
[WhiteFideId "45148864"]
[BlackFideId "612235"]
[EventDate "2020.05.16"]

1. e4 c5 2. c3 e6 3. d4 d5 4. Be3 cxd4 5. cxd4 dxe4 6. f3 exf3 7. Nxf3 Nf6 8.
Bd3 Bb4+ 9. Nc3 O-O 10. O-O Nd5 11. Qe1 Nxe3 12. Qxe3 Nc6 13. Qf4 Bd6 14. Qg4 e5
15. Bxh7+ Kh8 16. Qh5 Qf6 17. Bg6+ 1-0